Coneix, viu, estima : el teu poble, la teva ciutat : i a més... espai dels més petits i a més... espai dels més petits
Descripción Física:
1 punt de llibre ; il. col. ; 6 x 20 cm.
Idioma:
Catalán
MARC
| LEADER | 00000nrm a22000007a 4500 | ||
|---|---|---|---|
| 001 | 27226 | ||
| 003 | Arxiu | ||
| 005 | 20260324181149.0 | ||
| 008 | 230109b spa||||| |||| 00| 0 cat d | ||
| 017 | |a B 30026-2015 | ||
| 040 | |a agdb |b cat | ||
| 041 | |a cat | ||
| 245 | |a Coneix, viu, estima : el teu poble, la teva ciutat : |b i a més... espai dels més petits | ||
| 260 | |a Barcelona : |b Diputació de Barcelona ; |c 2015 | ||
| 300 | |a 1 punt de llibre ; |b il. col. ; |c 6 x 20 cm. | ||
| 611 | 0 | |a Saló de la Infància |n (51a : |d 2015 : |c Barcelona) |9 55020 | |
| 655 | 0 | |9 52700 |a Punts de llibre | |
| 710 | 1 | |a Barcelona (Catalunya : Província). |b Diputació |9 52408 | |
| 942 | |2 udc |c ARXIU |n 1 | ||
| 952 | |0 0 |1 0 |2 udc |4 0 |6 NBM16146 |7 1 |9 64968 |a Arxiu |b Arxiu |d 2023-01-09 |l 0 |o NBM-16-146 |p 27226 |r 2023-01-09 00:00:00 |w 2023-01-09 |y ARXIU | ||
| 999 | |c 82928 |d 82928 | ||